Thiết kế và sử dụng phiếu học tập nhằm nâng cao chất lượng dạy - học chương I "Chuyển hóa vật chất và năng lượng", chương II "cảm ứng", và chương IV "Sinh sản" - sinh học 11 cơ bản - THPT

Tổng quan tài liệu. Đối tượng, khách thể và phương pháp nghiên cứu. Kết quả nghiên cứu

Bewaard in:
Bibliografische gegevens
Hoofdauteur: Tạ, Thị Kim Quý
Andere auteurs: Đỗ, Thị Trường Th.S (Hướng dẫn)
Formaat: Boek
Taal:Vietnamese
Gepubliceerd in: Đại học Đà Nẵng Trường đại học Sư Phạm 2011
Reeks:Khóa luận tốt nghiệp Đại học. Chuyên ngành: Sư phạm Sinh
Onderwerpen:
Tags: Voeg label toe
Geen labels, Wees de eerste die dit record labelt!
Thư viện lưu trữ: Mạng thư viện Đại học Đà Nẵng
LEADER 01618nam a2200349 4500
001 000011423
003 7670
005 20120204090241.0
008 120204s2011 viesd
041 |a vie 
072 |a Khóa luận tốt nghiệp 
082 |a 570.071  |b TA-Q 
100 |a Tạ, Thị Kim Quý 
245 |a Thiết kế và sử dụng phiếu học tập nhằm nâng cao chất lượng dạy - học chương I "Chuyển hóa vật chất và năng lượng", chương II "cảm ứng", và chương IV "Sinh sản" - sinh học 11 cơ bản - THPT  |c Tạ, Thị Kim Quý 
260 |a Đại học Đà Nẵng  |b Trường đại học Sư Phạm  |c 2011 
300 |a 64 tr.  |c 29 cm  |e đĩa CD 
490 |a Khóa luận tốt nghiệp Đại học. Chuyên ngành: Sư phạm Sinh 
500 |a Tham khảo + phụ lục Tr. 62- 64 
520 |a Tổng quan tài liệu. Đối tượng, khách thể và phương pháp nghiên cứu. Kết quả nghiên cứu 
653 |a Khóa luận tốt nghiệp đại học 
653 |a Khoa Sinh - Môi Trường 
700 |a Đỗ, Thị Trường  |c Th.S  |e Hướng dẫn 
OWN |a LSP 
AVA |a UDN50  |b LSP  |d 570.071 TA-Q  |e available  |t Error 5001 Not defined in file expand_doc_bib_avail.  |f 1  |g 0  |h N  |i 0  |k 1 
999 |a From the UDN01 
AVA |a UDN50  |b LSP  |d 570.071 TA-Q  |e available  |t Error 5001 Not defined in file expand_doc_bib_avail.  |f 1  |g 0  |h N  |i 0  |k 1 
TYP |a Monograph 
TYP |a Printed language 
980 |a Mạng thư viện Đại học Đà Nẵng